| 000 | 00837nam a22001337a 4500 | ||
|---|---|---|---|
| 040 | _cRUA | ||
| 082 | _aAVM BRA 2012 B102 Or.1 | ||
| 100 | _aBRAK, MOA HENG. | ||
| 245 | _aEffect of antibiotics on diarrhea of suckling piglets in community development of agriculture pig farm at bavit town svayrieng province, ប្រសិទ្ធភាពអង់ទីប៊ីយូទិចលើជំងឺរាកកូនជ្រូកកំឡុងពេលបៅដោះនៅសហគមន៍អភិវឌ្ឍន៍កសិកម្មចិញ្ចឹមជ្រូក ក្រុងបាវិត ខេត្ដស្វាយរៀង | ||
| 260 |
_aPhnom Penh _bRUA _c2012 |
||
| 300 |
_aix; 37p. _bill. _c29cm. |
||
| 856 | _uhttps://drive.google.com/file/d/1olhSEp_UwYkED6UQ61WtWZibP3b6FJnr/view?usp=sharing | ||
| 942 | _cAVM | ||
| 999 |
_c2611 _d2611 |
||